La pintura argentina
Kaydedildi:
| Asıl Yazarlar: | , , , |
|---|---|
| Materyal Türü: | Kitap |
| Dil: | İspanyolca |
| Baskı/Yayın Bilgisi: |
Buenos Aires
Centro Editor de América Latina
1985
|
| Seri Bilgileri: | Cuadernos de Arte
|
| Konular: | |
| Etiketler: |
Etiketle
Etiket eklenmemiş, İlk siz ekleyin!
|
MARC
| LEADER | 00000nam a2200000 a 4500 | ||
|---|---|---|---|
| 001 | UCO4610 | ||
| 003 | CL-VaPUC | ||
| 008 | 000804e19850000AG |||||||||||||||||spa|d | ||
| 082 | 0 | 4 | |a 759.982 |b HAB |2 21 |
| 100 | 0 | |a Haber, Abraham |e author |9 449211 | |
| 700 | 0 | |a Buccellato, Laura |e author |9 449212 | |
| 700 | 0 | |a Feldhamer, Lidia |e author |9 449213 | |
| 700 | 0 | |a Fèvre, Fermín |e author |9 449214 | |
| 245 | 1 | 3 | |a La pintura argentina |
| 300 | |a 96 p | ||
| 942 | |c BK | ||
| 945 | |d 20000804 00:00:00 |a crobeson | ||
| 260 | |a Buenos Aires |b Centro Editor de América Latina |c 1985 | ||
| 650 | 7 | |a PINTURA ARGENTINA |2 CL-VaPUC |9 344774 | |
| 650 | 7 | |a PINTORES ARGENTINOS |2 CL-VaPUC |9 344773 | |
| 650 | 0 | |a Vanguardias |9 378346 | |
| 583 | |a last modification |c 20000804 00:00:00 |k Rodrigo Vera | ||
| 490 | 0 | |a Cuadernos de Arte | |
| 999 | |c 290636 |d 290634 | ||
| 952 | |0 0 |1 0 |4 0 |6 759_982000000000000_HAB_1985 |7 0 |8 A |9 340162 |a BIBART |b BIBART |d 2019-11-20 |i 1214772 |o 759.982 HAB 1985 |p 1214772 |r 2025-03-13 |w 2019-11-20 |y BK |k ART | ||